Штат Архангельскаго коммерческаго суда. // Указ его императорскаго величества самодержца всероссийскаго, (Запись № 11700372)
[ простой вид ]
| 000 -МАРКЕР | |
|---|---|
| контрольное поле | 01852naa2a2200277 4500 |
| 001 - ИДЕНТИФИКАТОР ЗАПИСИ | |
| контрольное поле | RU\NLR\BIBL_A\011765715 |
| 005 - ИДЕНТИФИКАТОР ВЕРСИИ | |
| контрольное поле | 20260406075448.0 |
| 035 ## - ДРУГИЕ СИСТЕМНЫЕ НОМЕРА | |
| Идентификатор записи | (NLR Aleph) 011765715 |
| 100 ## - ДАННЫЕ ОБЩЕЙ ОБРАБОТКИ | |
| Данные общей обработки | 20180808j182001 m||y0rusy50 ca |
| 101 0# - ЯЗЫК РЕСУРСА | |
| Язык текста, звукозаписи и т.д. | русский |
| 102 ## - СТРАНА ПУБЛИКАЦИИ ИЛИ ПРОИЗВОДСТВА | |
| Страна публикации | Российская Федерация |
| 105 ## - ПОЛЕ КОДИРОВАННЫХ ДАННЫХ: ТЕКСТОВЫЕ МАТЕРИАЛЫ, МОНОГРАФИЧЕСКИЕ | |
| Кодированные данные о монографическом текстовом документе | y n 000yy |
| 200 1# - ЗАГЛАВИЕ И СВЕДЕНИЯ ОБ ОТВЕТСТВЕННОСТИ | |
| Основное заглавие | Штат Архангельскаго коммерческаго суда. |
| 304 ## - ПРИМЕЧАНИЯ, ОТНОСЯЩИЕСЯ К ЗАГЛАВИЮ И СВЕДЕНИЯМ ОБ ОТВЕТСТВЕННОСТИ | |
| Текст примечания | Перед текстом: На подлинном написано собственною его императорскаго величества рукою тако: Быть по сему. Александрю С.Петербург 22 генваря 1820. |
| 304 ## - ПРИМЕЧАНИЯ, ОТНОСЯЩИЕСЯ К ЗАГЛАВИЮ И СВЕДЕНИЯМ ОБ ОТВЕТСТВЕННОСТИ | |
| Текст примечания | После текста: подписал: министр юстиции генерал князь Лобанов-Ростовский. |
| 463 #0 - УРОВЕНЬ ФИЗИЧЕСКОЙ ЕДИНИЦЫ | |
| Встроенное поле | 001RU\NLR\BIBL_A\011765710 |
| -- | 2001#$aУказ его императорскаго величества самодержца всероссийскаго,$e[Об учреждении в Архангельске коммерческого суда]$vС.[3] |
| -- | 200##$a[Б.м.$dфевр. 1820] |
| Системный номер (АБИС) связанной записи | 11700345 |
| Автор | Россия (1801-1825; Александр I). Император |
| Место публикации | [Б.м. |
| Дата публикации | февр. 1820] |
| Первые сведения об ответственности | из Правительствующаго Сената |
| Сведения, относящиеся к заглавию | [Об учреждении в Архангельске коммерческого суда] |
| Физическая характеристика | [4] с. |
| Заглавие | Указ его императорскаго величества самодержца всероссийскаго, |
| 702 #1 - ИМЯ ЛИЦА - ВТОРИЧНАЯ ОТВЕТСТВЕННОСТЬ | |
| Код отношения | Прочие |
| Графика поля | Кириллица |
| Материалы, к которым относится поле | rus |
| Начальный элемент ввода | Лобанов-Ростовский |
| Часть имени, кроме начального элемента ввода | Д. И. |
| Даты | 1758-1838 |
| Расширение инициалов личного имени | Дмитрий Иванович |
| Идентификатор авторитетной/нормативной записи | RU\NLR\AUTH\770170960 |
| Системный номер авторитетной/нормативной записи | 170910 |
| 852 ## - МЕСТОНАХОЖДЕНИЕ И ШИФР ХРАНЕНИЯ | |
| Идентификатор организации | NLR |
| Шифр хранения (Call Number) | 18.89.1.1-5-58 |
| 852 ## - МЕСТОНАХОЖДЕНИЕ И ШИФР ХРАНЕНИЯ | |
| Идентификатор организации | NLR |
| Шифр хранения (Call Number) | 17.155.1.44-58 |
| 942 ## - ДОПОЛНИТЕЛЬНЫЕ ЭЛЕМЕНТЫ ЗАПИСИ (АБИС) | |
| Тип экземпляра АБИС | Книга |
| 980 ## - КОЛЛЕКЦИЯ | |
| Название коллекции | Русская книга гражданской печати XVIII в. в библиотеках РФ |
| 980 ## - КОЛЛЕКЦИЯ | |
| Название коллекции | Указы |
Нет доступных экземпляров.